|
|
|
|
| LEADER |
00000csc a2200000 a 4500 |
| 001 |
93342-3 |
| 005 |
20230308212557.0 |
| 008 |
000000| ||||||||r|||||||||||spa|| |
| 040 |
|
|
|b spa
|
| 041 |
1 |
|
|a spa
|
| 082 |
0 |
|
|a 341
|
| 100 |
1 |
|
|a Martens, F. de
|9 15285
|
| 245 |
|
|
|a Tratado de derecho internacional
|c F. de Martens
|h imp
|
| 264 |
|
|
|a Madrid
|b La España Moderna
|c s.f.
|
| 300 |
|
|
|a 335 páginas:
|c 22 cm
|
| 490 |
|
|
|a Biblioteca de jurisprudencia, filosofía é historia
|n tomo 3
|
| 650 |
|
|
|a Derecho internacional
|9 1507
|
| 650 |
|
|
|a Politica exterior
|9 7512
|
| 650 |
|
|
|a Relaciones internacionales
|9 7517
|
| 852 |
|
|
|a UC-CDJBV
|c ESTANTERIA CERRADA
|f Compra
|k sara.alvarado
|l 1
|m General
|p 00000000
|r 2
|t 93342-3
|b 0
|d CDRC
|e CDRC
|g 341 ESTANTERIA CERRADA
|z 0000-00-00
|
| 942 |
|
|
|
| 999 |
|
|
|c 122554
|d 122554
|